000 00601nam a22001937a 4500
003 OSt
005 20260224045009.0
008 260224b |||||||| |||| 00| 0 eng d
020 _a978-159339-393-9 volume
040 _aDWCL-Main Lib
_cOC
082 _aGR. 599 M265 2008
110 _aENCYLOPAEDIA BRITANICA
_eCorporate Author
245 _aBritanica illustrated science library : mammals /
260 _aChicago :
_bEncylopaedia Britanica,
_cc2008
300 _a101 p. :
_bill. ( col. ) ;
_c27 cm.
504 _a1. Includes glossary.
650 _aMammals ( Mammals).
942 _2ddc
_cGR
_mGR.
_n0
999 _c8516
_d8516